| 000 | 00706nam a2200205 a 4500 | ||
|---|---|---|---|
| 003 | 0 | ||
| 005 | 20250204135157.0 | ||
| 008 | 130829s19uu xx 00 eng d | ||
| 050 |
_aPGS SF 411 _b.M262 2013 |
||
| 100 | _aMalvar, Sofia S. | ||
| 245 |
_aPet ownership and sense of responsibility / _cSofia S. Malvar. |
||
| 260 |
_aLas PiƱas City, Philippines : _bSouthville International School and Colleges, _c2013. |
||
| 300 |
_a26 p. : _bcol. ill. ; _c28 cm. |
||
| 504 | _aIncludes bibliographical references. | ||
| 650 |
_aPet ownership _vPsychological aspects. |
||
| 650 | _aPets and children. | ||
| 650 | _aResponsibility in children. | ||
| 650 |
_aSocial development _vChildren. |
||
| 942 |
_2lcc _cPASS |
||
| 999 |
_c99044 _d99044 |
||